[Event "Czerniak mem"]
[Site "Tel Aviv"]
[Date "1996.??.??"]
[Round "2"]
[White "Manor, Ilan"]
[Black "Shabtai, Ran"]
[Result "1-0"]
[WhiteElo "2510"]
[BlackElo "2340"]

1.d4 Nf6 2.c4 e6 3.Nf3 b6 4.a3 Bb7 5.Nc3 d5 6.cxd5 Nxd5 7.e3 Be7 8.Bb5+ c6
9.Bd3 O-O 10.O-O Nd7 11.e4 Nxc3 12.bxc3 c5 13.Qe2 Qc7 14.Re1 e5 15.d5 Nf6
16.c4 Ne8 17.Bb2 Bf6 18.Bc3 Nd6 19.Bxe5 Bxe5 20.Nxe5 Rae8 21.f4 f6 22.Nf3 Nxe4
23.Bxe4 f5 24.d6 Qxd6 25.Qd3  1-0

[Event "Czerniak mem"]
[Site "Tel Aviv"]
[Date "1996.??.??"]
[Round "3"]
[White "Har Zvi, Ronen"]
[Black "Gofshtein, Leonid D"]
[Result "0-1"]
[WhiteElo "2510"]
[BlackElo "2540"]

1.d4 Nf6 2.c4 e6 3.Nf3 b6 4.a3 Ba6 5.Qc2 Bb7 6.Nc3 c5 7.e4 cxd4 8.Nxd4 d6
9.f3 Nbd7 10.g4 h6 11.Be3 Rc8 12.O-O-O a6 13.Qa4 g6 14.h4 Bg7 15.Bh3 Qe7
16.g5 hxg5 17.Bxg5 Kf8 18.Kb1 Ne5 19.f4 Nxc4 20.Rhe1 Qe8 21.Qb4 a5 22.Qb3 Nh7
23.Bf1 Nxg5 24.hxg5 Ba6 25.Ndb5 Nxb2 26.Rxd6 Bxc3 27.Nxc3 Bxf1 28.Qxb2 Rh3
29.Rc1 b5 30.Rdd1 b4 31.axb4 axb4 32.Qxb4+ Kg8 33.Rd6 Bd3+ 34.Ka1 Rh2 35.Rxd3 Ra8+
36.Na2 Rhxa2+ 37.Kb1 Ra1+ 38.Kb2 R1a4  0-1

[Event "Czerniak mem"]
[Site "Tel Aviv"]
[Date "1996.??.??"]
[Round "4"]
[White "Manor, Ilan"]
[Black "Krays, Alexander"]
[Result "1-0"]
[WhiteElo "2510"]
[BlackElo "2440"]

1.d4 Nf6 2.c4 e6 3.Nf3 b6 4.a3 c5 5.d5 Ba6 6.Qc2 exd5 7.cxd5 d6 8.Nc3 g6
9.g3 Bg7 10.Bg2 O-O 11.O-O b5 12.Re1 Nbd7 13.h3 Qb6 14.e4 Rae8 15.Bf4 Nh5
16.Be3 Qb8 17.Rad1 Rc8 18.Qd2 Rfe8 19.Bh6 Bh8 20.Bf1 Qb6 21.g4 Nhf6 22.Qf4 Ne5
23.Nxe5 Rxe5 24.Qd2 Rce8 25.f3 R5e7 26.Kg2 b4 27.axb4 cxb4 28.Na4 Bxf1+ 29.Rxf1 Qb5
30.b3 Nxe4 31.fxe4 Rxe4 32.Qd3 Qb7 33.Qf3 Bd4 34.Rxd4 Rxd4 35.Qf6  1-0

[Event "CAN-ch"]
[Site "Toronto"]
[Date "1996.??.??"]
[Round "14"]
[White "Schleifer, Michael"]
[Black "Baragar, Fletcher"]
[Result "1-0"]
[WhiteElo "2270"]
[BlackElo "2305"]

1.d4 Nf6 2.c4 e6 3.Nf3 b6 4.a3 Bb7 5.Nc3 d5 6.Bg5 Be7 7.Bxf6 Bxf6 8.cxd5 exd5
9.g3 O-O 10.Bg2 Na6 11.O-O c5 12.Rc1 Re8 13.e3 Qd7 14.Qd2 Rad8 15.Ne2 g6
16.Nf4 Qd6 17.Rc2 c4 18.Re1 Bc8 19.Ne2 Bf5 20.Rcc1 Nc7 21.Nc3 b5 22.h3 h5
23.Nh2 Qd7 24.h4 a5 25.Ne2 Ra8 26.Nf4 Qd6 27.Nxd5 Nxd5 28.e4 Be6 29.e5 Qd8
30.exf6 Qxf6 31.Re5 Red8 32.Nf3 b4 33.Ng5 c3 34.bxc3 Nxc3 35.Rxe6 fxe6 36.Bxa8 Rxa8
37.Re1 Re8 38.Qc2 Qf5 39.Qd2 Nd5 40.axb4 axb4 41.Qa2 Re7 42.Re5 Nc3 43.Qc4 Qb1+
44.Kg2 Qa2 45.Qxb4 Nd1 46.Qe1 Qb3 47.Qe4  1-0

[Event "Toscolano op"]
[Site "Toscolano"]
[Date "1996.??.??"]
[Round "1"]
[White "Cebalo, Miso"]
[Black "Kievelitz, Bernd"]
[Result "1-0"]
[WhiteElo "2515"]
[BlackElo "2145"]

1.d4 Nf6 2.Nf3 e6 3.c4 b6 4.a3 Bb7 5.Nc3 Ne4 6.Nxe4 Bxe4 7.Nd2 Bb7 8.e4 Be7
9.Bd3 O-O 10.O-O f5 11.exf5 exf5 12.Nf3 d6 13.d5 Nd7 14.Nd4 Nc5 15.Bxf5 Bf6
16.Bc2 Bxd4 17.Qxd4 Qf6 18.Be3 Qxd4 19.Bxd4 a5 20.Rfe1 Rae8 21.f3 Ba6 22.b4 Nd7
23.Ba4 Rxe1+ 24.Rxe1 Ne5 25.Bxe5 dxe5 26.b5 Bc8 27.Rxe5 Kf7 28.Bc2 Kf6 29.f4 g6
30.Kf2 h6 31.h4 Bd7 32.Ke3 Rf7 33.Kd4 Kg7 34.g3 Kf6 35.a4 Rg7 36.c5 bxc5+
37.Kxc5 Bf5 38.Bxf5 gxf5 39.Re6+ Kf7 40.Rxh6 Rxg3 41.Rh7+ Kf6 42.Rxc7  1-0

[Event "Toscolano op"]
[Site "Toscolano"]
[Date "1996.??.??"]
[Round "5"]
[White "Cebalo, Miso"]
[Black "Naumkin, Igor"]
[Result "1/2-1/2"]
[WhiteElo "2515"]
[BlackElo "2430"]

1.d4 e6 2.c4 Nf6 3.Nf3 b6 4.a3 Bb7 5.Nc3 d5 6.Bg5 Be7 7.Qa4+ c6 8.Bxf6 Bxf6
9.cxd5 exd5 10.g3 O-O 11.Bg2 Be7 12.O-O Nd7 13.Rad1 f5 14.Ne5 Nxe5 15.dxe5 a5
16.Qc2 Qb8 17.f4 b5 18.e3 Qa7 19.Kh1 Bc5  1/2-1/2

[Event "CRO-chT2"]
[Site "Tucepi"]
[Date "1996.??.??"]
[Round "?"]
[White "Viland, Boris"]
[Black "Rosandic, Denis"]
[Result "1-0"]
[WhiteElo "2215"]
[BlackElo "2295"]

1.d4 Nf6 2.c4 e6 3.Nf3 b6 4.a3 Bb7 5.Nc3 d5 6.cxd5 Nxd5 7.e3 Be7 8.Bb5+ c6
9.Bd3 O-O 10.O-O Nxc3 11.bxc3 c5 12.Qe2 Qc8 13.Bb2 Ba6 14.c4 Bf6 15.Nd2 Nd7
16.Ne4 Be7 17.f4 Bb7 18.Ng5 h6 19.Nf3 Nf6 20.Qc2 Qc7 21.Ne5 Rac8 22.f5 exf5
23.Bxf5 Rce8 24.Rae1 Bd6 25.Rf4 Bxe5 26.dxe5 Nd7 27.e6 Ne5 28.exf7+ Rxf7
29.Ref1 Kh8 30.Bg6 Rxf4 31.Rxf4 Nxg6 32.Qxg6  1-0

[Event "CRO-chT"]
[Site "Tucepi"]
[Date "1996.??.??"]
[Round "?"]
[White "Cebalo, Miso"]
[Black "Zelic, Zdravko"]
[Result "1-0"]
[WhiteElo "2495"]
[BlackElo "2390"]

1.d4 Nf6 2.Nf3 e6 3.c4 b6 4.a3 Ba6 5.e3 Be7 6.Bd3 c5 7.O-O cxd4 8.exd4 O-O
9.b3 d5 10.Bb2 Bb7 11.Nbd2 Nbd7 12.Qe2 Re8 13.Rac1 Bf8 14.Rfd1 Rc8 15.Bb1 g6
16.Ne5 dxc4 17.bxc4 Qc7 18.f4 Bh6 19.Rf1 Rcd8 20.Rcd1 Ba8 21.Bc1 Nh5 22.Nb3 Bg7
23.Be3 Nhf6 24.Bf2 Qb7 25.Bh4 Rc8 26.Nd2 Qa6 27.Bd3 Qxa3 28.c5 Qb2 29.Bb5 Red8
30.Bxd7 Rxd7 31.Bxf6 Bxf6 32.Nxd7 Qxd4+ 33.Kh1 Qxd7 34.Ne4 Qe7 35.Rd7 Bxe4
36.Rxe7 Bxe7 37.Qxe4 Bxc5 38.Qb7 Rd8 39.Qxa7 h5 40.h3 Rd4 41.Qa8+ Kg7 42.Qf3 Rd5
43.Rd1  1-0

[Event "CRO-chT"]
[Site "Tucepi"]
[Date "1996.??.??"]
[Round "?"]
[White "Kozul, Zdenko"]
[Black "Jukic, Mirko"]
[Result "1/2-1/2"]
[WhiteElo "2580"]
[BlackElo "2470"]

1.d4 Nf6 2.c4 e6 3.Nf3 b6 4.a3 Bb7 5.Nc3 d5 6.cxd5 Nxd5 7.e3 Be7 8.Bb5+ c6
9.Bd3 Nxc3 10.bxc3 c5 11.O-O O-O 12.Bb2 cxd4 13.cxd4 Nc6 14.Qc2 g6 15.Be4 Rc8
16.Qe2 Rc7 17.Rac1 Bf6 18.Rc2 Qd6 19.Rfc1 Rfc8 20.h4 Na5 21.Bxb7 Nxb7 22.Ng5 Bg7
23.h5 Qe7 24.Rxc7 Rxc7 25.Rxc7 Qxc7 26.d5 Qd8 27.Bxg7 Qxg5 28.Ba1 Qxd5 29.hxg6 hxg6
30.Qb2 Qd1+ 31.Kh2 Qh5+ 32.Kg1 Qd1+ 33.Kh2 Qh5+  1/2-1/2

[Event "CRO-chT"]
[Site "Tucepi"]
[Date "1996.??.??"]
[Round "?"]
[White "Kozul, Zdenko"]
[Black "Palac, Mladen"]
[Result "1/2-1/2"]
[WhiteElo "2580"]
[BlackElo "2545"]

1.d4 Nf6 2.c4 e6 3.Nf3 b6 4.a3 Bb7 5.Nc3 d5 6.cxd5 Nxd5 7.e3 Be7 8.Bb5+ c6
9.Bd3 O-O 10.Qc2 h6 11.O-O c5 12.dxc5 Nxc3 13.Qxc3 Bxc5 14.Rd1 Nd7 15.e4 Qc7
16.Be3 Rac8 17.Rac1  1/2-1/2

[Event "CRO-chT"]
[Site "Tucepi"]
[Date "1996.??.??"]
[Round "?"]
[White "Cvitan, Ognjen"]
[Black "Sax, Gyula"]
[Result "1/2-1/2"]
[WhiteElo "2540"]
[BlackElo "2560"]

1.d4 Nf6 2.Nf3 e6 3.c4 b6 4.a3 Ba6 5.Qc2 Bb7 6.Nc3 c5 7.e4 cxd4 8.Nxd4 Bc5
9.Nb3 Nc6 10.Bd3 Qb8 11.f4 d6 12.Rb1 O-O 13.Nxc5 bxc5 14.b4 cxb4 15.axb4 a5  1/2-1/2

[Event "Tuebingen-ch55"]
[Site "Tuebingen"]
[Date "1996.??.??"]
[Round "?"]
[White "Gerlach, Stefan"]
[Black "Rothfuss, Oliver"]
[Result "1/2-1/2"]
[WhiteElo "1750"]
[BlackElo "2000"]

1.d4 Nf6 2.c4 e6 3.Nf3 b6 4.a3 Bb7 5.Nc3 d6 6.d5 e5 7.e4 a5 8.Be3 Ng4 9.Bd2 Be7
10.h3 Nf6 11.Bd3 Na6 12.O-O O-O 13.Na4 Nc5 14.Nxc5 bxc5 15.b4 axb4 16.axb4 Nd7
17.Qb3 c6 18.Be3 cxd5 19.bxc5 d4 20.cxd6 Nc5 21.dxe7 Qxe7 22.Qc2 dxe3 23.fxe3 Rad8
24.Be2 Bxe4 25.Qc3 Bxf3 26.Rxf3 Qc7 27.Qa5 Rd7 28.Rff1 h6 29.Qxc7 Rxc7 30.Rfd1 f6
31.Rd5 Ne4 32.Rc1 Nc5 33.Bh5 Kh7 34.Kf1 g6 35.Bf3 f5 36.Be2  1/2-1/2

[Event "CZE-ch"]
[Site "Turnov"]
[Date "1996.??.??"]
[Round "3"]
[White "Orsag, Milan"]
[Black "Votava, Jan"]
[Result "0-1"]
[WhiteElo "2410"]
[BlackElo "2540"]

1.d4 Nf6 2.c4 e6 3.Nf3 b6 4.a3 Bb7 5.Nc3 d5 6.cxd5 exd5 7.g3 Be7 8.Bg2 O-O
9.O-O c5 10.b3 Ne4 11.Bb2 Bf6 12.Rc1 Nd7 13.e3 Qe7 14.Re1 Rfd8 15.Nd2 Nf8
16.Ncxe4 dxe4 17.Qg4 Re8 18.Rc2 Rad8 19.Rec1 cxd4 20.Rc7 Qe6 21.Qxe6 Nxe6
22.Rxb7 dxe3 23.fxe3 Bxb2 24.Rc2 Bxa3 25.Nxe4 Re7 26.Rxe7 Bxe7 27.Bf1 Kf8
28.Bc4 Rd7 29.Rf2 Nd8 30.Kg2 g6 31.g4 Kg7 32.g5 Ne6 33.h4 Bd8 34.Ra2 h6 35.Bxe6 fxe6
36.Kf3 a5 37.Rc2 hxg5 38.hxg5 Rc7 39.Rd2 Be7 40.Ra2 e5 41.Rd2 Kf7 42.Rd5 Ke6
43.Rb5 Rc6 44.Kg4 Bd8 45.Kf3 Rc2 46.Nf6 Rc5 47.Rxc5 bxc5 48.Ne4 Kd5 49.Nc3+ Kc6  0-1

[Event "Ubeda op"]
[Site "Ubeda"]
[Date "1996.??.??"]
[Round "?"]
[White "Matamoros Franco, Carlos S"]
[Black "Aseev, Konstantin N"]
[Result "1/2-1/2"]
[WhiteElo "2430"]
[BlackElo "2530"]

1.d4 Nf6 2.c4 e6 3.Nf3 b6 4.a3 Bb7 5.Nc3 Ne4 6.Nxe4 Bxe4 7.Bf4 d6 8.e3 c5
9.Bd3 Bg6 10.Bg3 Nd7 11.O-O Be7 12.Bxg6 hxg6 13.dxc5 Nxc5 14.Nd4 Ne4 15.Qd3 Nxg3
16.hxg3 Rc8 17.Rac1 a6 18.Qb3 O-O 19.Qa4 Ra8 20.Nc6 Qd7 21.Nxe7+ Qxe7 22.Qc6 Rab8
23.Rfd1 Rfd8 24.Rc3 Qd7 25.Qxd7 Rxd7 26.Rcd3 Rc7 27.b3 b5 28.cxb5 Rxb5 29.Rxd6 Rxb3
30.Rxa6 Rb2 31.Ra4 g5 32.g4  1/2-1/2

[Event "Velden op"]
[Site "Velden"]
[Date "1996.??.??"]
[Round "1"]
[White "Herzog, Adolf"]
[Black "Siegmund, Rainer"]
[Result "1-0"]
[WhiteElo "2385"]
[BlackElo "2190"]

1.d4 Nf6 2.c4 e6 3.Nf3 b6 4.a3 Bb7 5.Nc3 d5 6.Bf4 Bd6 7.Bg3 O-O 8.e3 Ne4
9.cxd5 Nxc3 10.bxc3 exd5 11.Bd3 c5 12.Ne5 Ba6 13.Bb1 Bxe5 14.dxe5 Qd7 15.Ba2 Bb7
16.O-O Qc6 17.f3 c4 18.Bb1 Nd7 19.Ra2 Rfe8 20.f4 Nc5 21.f5 Nd7 22.f6 Nxe5
23.Bxh7+ Kxh7 24.Qh5+ Kg8 25.Bxe5 Rxe5 26.Qxe5 g6 27.Qg5 Qe8 28.Rf3 d4 29.Rh3 Qe4
30.Rh8+  1-0

[Event "Vendrell op"]
[Site "Vendrell"]
[Date "1996.??.??"]
[Round "5"]
[White "Timoshchenko, Gennadi A"]
[Black "Ionov, Sergey"]
[Result "1/2-1/2"]
[WhiteElo "2530"]
[BlackElo "2515"]

1.d4 Nf6 2.c4 e6 3.Nf3 b6 4.a3 Bb7 5.Nc3 d5 6.Qc2 dxc4 7.e4 c5 8.d5 exd5
9.exd5 Bd6 10.Bxc4 O-O 11.O-O h6 12.Re1 Nbd7 13.Bd2 a6 14.a4 Qc7 15.Qf5 Rfe8
16.Rxe8+ Rxe8 17.h3 Qc8 18.Qd3 Ne5 19.Nxe5 Bxe5 20.Re1 Bb8 21.Rxe8+ Nxe8
22.Ne4 Nd6 23.Nxd6 Bxd6 24.Bc3 Qd7 25.b3 Bc7 26.Qe4 b5 27.axb5 axb5 28.Bd3 g6
29.Qe3 Kh7 30.Qxc5 Qxd5 31.Qxd5 Bxd5  1/2-1/2

[Event "Vienna op"]
[Site "Vienna"]
[Date "1996.??.??"]
[Round "5"]
[White "Gofshtein, Leonid D"]
[Black "Psakhis, Lev"]
[Result "1/2-1/2"]
[WhiteElo "2545"]
[BlackElo "2590"]

1.d4 e6 2.c4 Nf6 3.Nf3 b6 4.a3 Bb7 5.Nc3 d5 6.Qc2 dxc4 7.e4 c5 8.d5 exd5
9.exd5 Bd6 10.Bxc4 O-O 11.O-O h6 12.Be3 a6 13.Rad1 Nbd7 14.h3 Re8 15.a4 Ne5
16.Nxe5 Rxe5  1/2-1/2

[Event "Vienna op"]
[Site "Vienna"]
[Date "1996.??.??"]
[Round "6"]
[White "Maksimenko, Andrei"]
[Black "Komarov, Dimitri"]
[Result "1/2-1/2"]
[WhiteElo "2545"]
[BlackElo "2595"]

1.d4 Nf6 2.c4 e6 3.Nf3 b6 4.a3 Bb7 5.Nc3 g6 6.d5 Bg7 7.g3 O-O 8.Bg2 exd5
9.cxd5 c6 10.d6 c5 11.O-O Re8 12.Bf4 Ne4 13.Nd5 Bxd5 14.Qxd5 Nc6 15.Rab1 h6
16.h4 Rc8 17.Rfd1 b5 18.Nd2 Nf6 19.Qxc5 Nh5 20.e3 Nd4 21.Qxa7 Ne2+ 22.Kf1 g5
23.Bf3 gxf4 24.Bxe2 fxe3 25.Bxh5 Qf6 26.Bf3 exd2 27.Kg2 Qxd6 28.Qa5 Rc2 29.Be4 Rxb2
30.Rxb2 Bxb2 31.Rxd2 Qxa3 32.Qxb5 Rxe4 33.Rxb2 Qa8 34.f3 Re3 35.Qf5 Qe8 36.Qg4+ Kh7
37.Qf5+ Kg7 38.Qg4+ Kh7 39.Qf5+ Kg7  1/2-1/2

[Event "Vlissingen op"]
[Site "Vlissingen"]
[Date "1996.??.??"]
[Round "6"]
[White "Ehlvest, Jaan"]
[Black "Hort, Vlastimil"]
[Result "1/2-1/2"]
[WhiteElo "2660"]
[BlackElo "2545"]

1.d4 Nf6 2.Nf3 e6 3.c4 b6 4.a3 Bb7 5.Nc3 d5 6.Qc2 Be7 7.cxd5 Nxd5 8.Bd2 Nxc3
9.Bxc3 Qd5 10.g3 Qf5 11.Qxf5 exf5 12.d5 O-O 13.Nd4 Bxd5 14.Nxf5 Nc6 15.f3 Bf6
16.Bxf6 gxf6 17.Rc1 Rae8 18.e4 Ne7 19.Ne3 Bc6 20.Bh3 Rd8 21.O-O Bd7 22.Kg2 c5
23.b4 Bb5 24.Rfd1 cxb4 25.axb4 a5 26.bxa5 bxa5 27.Nd5 Nxd5 28.exd5 a4 29.Rc5 Bd7
30.d6 Bxh3+ 31.Kxh3 Ra8 32.Ra1 Rfd8  1/2-1/2

[Event "JUG-chT"]
[Site "Vrnjacka Banja"]
[Date "1996.??.??"]
[Round "?"]
[White "Biljanic, Ljubomir"]
[Black "Parezanin, Darko"]
[Result "0-1"]
[WhiteElo "2220"]
[BlackElo "2275"]

1.d4 Nf6 2.c4 e6 3.Nf3 b6 4.a3 Bb7 5.Nc3 Be7 6.e3 O-O 7.Be2 d5 8.cxd5 Nxd5
9.O-O Nxc3 10.bxc3 c5 11.Bd3 Nd7 12.e4 Nf6 13.Re1 Qc7 14.Qe2 Rfd8 15.Bd2 Rac8
16.h3 h6 17.Rad1 Nd7 18.Bc1 Nf8 19.Bb1 a6 20.Ne5 Nh7 21.Qh5 Bf8 22.Bf4 cxd4
23.cxd4 Qe7 24.Qe2 Qxa3 25.Rd3 Qe7 26.Re3 Rxd4 27.Bxh6 Nf6 28.Bg5 Re8 29.Qf3  0-1

[Event "JUG-chT"]
[Site "Vrnjacka Banja"]
[Date "1996.??.??"]
[Round "?"]
[White "Sakaev, Konstantin"]
[Black "Poluljahov, Aleksandr"]
[Result "1-0"]
[WhiteElo "2560"]
[BlackElo "2480"]

1.d4 Nf6 2.c4 e6 3.Nf3 b6 4.a3 Ba6 5.Qc2 Bb7 6.Nc3 c5 7.e4 cxd4 8.Nxd4 Nc6
9.Nxc6 Bxc6 10.Bd3 Qb8 11.Qe2 Bd6 12.Bd2 O-O 13.h3 Bf4 14.Bxf4 Qxf4 15.O-O d6
16.Rad1 Rfd8 17.Bc2 h5 18.Rd4 Rd7 19.Rfd1 Rad8 20.g3 Qg5 21.h4 Qg4 22.Qe3 Qh3
23.Qf3 Ng4 24.Qg2 Qxg2+ 25.Kxg2 Kf8 26.Re1 Rc8 27.f3 Nf6 28.Bd1 Rdd8 29.Kf2 Be8
30.Be2 Ke7 31.Red1 Bc6 32.Ke3 g6 33.f4 e5 34.R4d2 Ne8 35.Bf1 Rb8 36.Bh3 a5
37.Nd5+ Kf8 38.Nc3 Ke7 39.Nb5 Bxb5 40.cxb5 exf4+ 41.gxf4 Nc7 42.Rc2 Rb7 43.a4 Ne8
44.Rc6 Rbb8 45.Kd4 Rb7 46.Rdc1 Rbb8 47.Rg1 Rb7 48.Rg5 Nf6 49.b3 Ne8 50.f5 gxf5
51.Rxf5 Nf6 52.Rg5 Kf8 53.Rf5 Ke7 54.Rc3 Nd7 55.Rxh5 Ne5 56.Bf1 Ng6 57.Rh7 Ne5
58.Bc4 Rg8 59.Bd5 Rd7 60.Rh5 Rg4 61.Rh8 Rd8 62.Rc7+ Rd7 63.Rcc8 Rg3 64.Bc4 Rh3
65.h5 Kf6 66.h6 Nf3+ 67.Kd5 Ne5 68.h7 Rh1 69.Kd4 Rh3 70.Rcd8 Rxh7 71.Rxd7  1-0

[Event "Wangs Pizol op"]
[Site "Wangs Pizol"]
[Date "1996.??.??"]
[Round "1"]
[White "Cvitan, Ognjen"]
[Black "Schweizer, Robert"]
[Result "1-0"]
[WhiteElo "2590"]
[BlackElo "2095"]

1.d4 Nf6 2.Nf3 e6 3.c4 b6 4.a3 Bb7 5.Nc3 Be7 6.d5 O-O 7.e4 d6 8.Bd3 Nbd7
9.O-O c5 10.h3 exd5 11.cxd5 Ne5 12.Nxe5 dxe5 13.b3 Ne8 14.a4 a6 15.Bb2 Nd6
16.Qe2 g6 17.Nd1 Bf6 18.Ne3 Bg7 19.f4 Re8 20.fxe5 Bxe5 21.Ng4 Bxb2 22.Qxb2  1-0

[Event "Wangs Pizol op"]
[Site "Wangs Pizol"]
[Date "1996.??.??"]
[Round "7"]
[White "Eberhard, Kurt"]
[Black "Schweizer, Robert"]
[Result "0-1"]
[WhiteElo "2025"]
[BlackElo "2095"]

1.d4 Nf6 2.c4 e6 3.Nf3 b6 4.a3 Be7 5.Nc3 Bb7 6.Qc2 d5 7.cxd5 exd5 8.Bf4 c6
9.e3 Nbd7 10.Be2 O-O 11.O-O Nh5 12.Bg3 Nxg3 13.hxg3 c5 14.dxc5 Bxc5 15.Rfd1 Nf6
16.b4 Be7 17.e4 Qc7 18.e5 Ne4 19.Rac1 Rac8 20.Qb3 Nxc3 21.Kf1 d4 22.Rxd4 Bxf3
23.Bxf3 Qxe5 24.Rc4 Rxc4 25.Qxc4 Bf6 26.Re1 Qb5 27.Qxb5 Nxb5 28.a4 Nd4 29.Be4 Nb3
30.Bd5 Nd4 31.Rc1 a5 32.bxa5 bxa5 33.Rc5 Rb8 34.Be4 g6 35.Rxa5 Nb3 36.Rd5 Rd8
37.a5 Nd2+ 38.Ke2 Nxe4 39.Rxd8+ Bxd8 40.Ke3 Nd6  0-1

[Event "Werfen op-A"]
[Site "Werfen"]
[Date "1996.??.??"]
[Round "8"]
[White "Knoll, Hermann"]
[Black "Hresc, Vladimir"]
[Result "1/2-1/2"]
[WhiteElo "2250"]
[BlackElo "2435"]

1.Nf3 Nf6 2.c4 e6 3.d4 b6 4.a3 Bb7 5.Nc3 d5 6.cxd5 exd5 7.g3 Bd6 8.Bg2 O-O
9.O-O Re8 10.Nb5 Bf8 11.Bf4 Na6 12.Rc1 c6 13.Nc3 Nc7 14.Ne5 Ne6 15.Be3 Nd7
16.Nxd7 Qxd7 17.Qd2 g6 18.Rfd1 Bg7 19.f3 f5 20.Bf2 Rad8 21.b4 Qe7 22.Qc2 Ba6
23.Qa4 Bc4 24.Qxc6 b5 25.Nxb5 Rc8 26.Qd6 Qb7 27.Rxc4 dxc4 28.a4 Rcd8 29.f4 Qe7
30.Qxe7 Rxe7 31.d5 a6 32.Na3 Rb7 33.Nc2 Rbd7 34.b5 axb5 35.axb5 Bf8 36.Ne3 c3
37.Rd3 Nc7 38.Rxc3 Nxb5 39.Rc4 Re8 40.Bf3 Nd6 41.Rc2 Ne4 42.g4 Bg7 43.Rc4 Bh6
44.gxf5 Nd6 45.Rc6 gxf5 46.Ng2 Bg7 47.Nh4 Bf6 48.Nxf5 Nxf5 49.Rxf6 Nd6  1/2-1/2

[Event "Winterthur"]
[Site "Winterthur"]
[Date "1996.??.??"]
[Round "5"]
[White "Van der Sterren, Paul"]
[Black "Huss, Andreas"]
[Result "1/2-1/2"]
[WhiteElo "2510"]
[BlackElo "2365"]

1.d4 e6 2.c4 Nf6 3.Nf3 b6 4.a3 Bb7 5.Nc3 d5 6.cxd5 exd5 7.g3 a6 8.Bg2 Bd6
9.Nh4 Qd7 10.Qd3 Qe6 11.Nf5 O-O 12.Bh3 Kh8 13.Nxd6 Qxd6 14.Bf4 Qe7 15.O-O Ne4
16.Rac1 Nxc3 17.Qxc3 Nc6 18.Qd3 Rae8 19.Rc2 g5 20.Be3 f6 21.Rfc1 Qd6 22.Rc3 Re7
23.Qc2 Na5 24.Rxc7 Nc4 25.Rxe7 Qxe7 26.Qc3 f5 27.b3 Nxe3 28.Qxe3 Qxe3 29.fxe3 Rc8
30.Rf1 g4 31.Bg2 Rf8 32.e4 dxe4 33.Rc1 Rf7 34.e3 Kg7 35.b4 Kf6 36.Bf1 Rd7
37.a4 Ke6 38.a5 b5 39.h3 h5 40.Rc2 Kd6 41.Rc5 Bd5 42.Rc8 Rc7 43.Rd8+ Ke6
44.Re8+ Kd6 45.Rd8+  1/2-1/2

[Event "Winterthur"]
[Site "Winterthur"]
[Date "1996.??.??"]
[Round "7"]
[White "Pelletier, Yannick"]
[Black "Huss, Andreas"]
[Result "1-0"]
[WhiteElo "2440"]
[BlackElo "2365"]

1.d4 Nf6 2.c4 e6 3.Nf3 b6 4.a3 Bb7 5.Nc3 d5 6.Qa4+ c6 7.cxd5 exd5 8.Bg5 Be7
9.e3 O-O 10.Rd1 Nbd7 11.Bd3 Ne4 12.Bxe4 Bxg5 13.Nxg5 Qxg5 14.Bf3 Nf6 15.O-O Rfe8
16.Qc2 Re6 17.Ne2 Rae8 18.Nf4 Rd6 19.Rfe1 Ne4 20.Qa4 a5 21.Bxe4 dxe4 22.Rc1 Qd8
23.b4 axb4 24.Qxb4 g5 25.Ne2 Rd5 26.Rb1 Rb5 27.Qc3 Rxb1 28.Rxb1 Ba6 29.Ng3 Bd3
30.Rb4 Re6 31.h3 f6 32.Qb3 Qd5 33.Rxb6 Qxb3 34.Rxb3 Bc4 35.Rb7 Re8 36.Nh5 Rf8
37.g4 h6 38.Ng3 Ra8 39.Nxe4 Rxa3 40.Rc7 Ra1+ 41.Kh2 Kf8 42.Nxf6 Rf1 43.Rxc6 Rxf2+
44.Kg3 Rc2 45.Nd7+  1-0

[Event "Yalta op"]
[Site "Yalta"]
[Date "1996.??.??"]
[Round "4"]
[White "Notkin, Maksim"]
[Black "Tunik, Gennady"]
[Result "1-0"]
[WhiteElo "2515"]
[BlackElo "2475"]

1.d4 Nf6 2.c4 e6 3.Nf3 b6 4.a3 Ba6 5.Qc2 Bb7 6.Nc3 c5 7.dxc5 Bxc5 8.Bf4 a6
9.e3 Be7 10.Rd1 d6 11.Be2 Qc7 12.O-O Nbd7 13.Rd2 O-O 14.Rfd1 Ne5 15.Nxe5 dxe5
16.Bg5 Rfd8 17.h3 h6 18.Rxd8+ Rxd8 19.Rxd8+ Bxd8 20.Bh4 Nd7 21.Bxd8 Qxd8
22.Qd1 Qc7 23.b4 Kf8 24.Qc2 f5 25.Qd2 Ke7 26.Bf1 Qd6 27.Qb2 Bc6 28.Qe2 Nb8
29.Qc2 Nd7 30.Qe2 Qc7 31.Qb2 a5 32.Qd2 axb4 33.axb4 Qd6 34.Qb2 Kf7 35.Ne2 Nf6
36.Nc3 f4 37.exf4 exf4 38.Qa3 Nd7 39.Nb5 Bxb5 40.cxb5 Qd4 41.Be2 Nf6 42.Bf3 Kg6
43.Qa2 Nd5 44.Qc2+ Kf6 45.Qc8 Qxb4 46.Bxd5 exd5 47.Qc6+ Ke5 48.Qxb6 d4 49.Qc7+ Kd5
50.Qc6+ Ke5 51.b6 d3 52.Qc7+ Ke6 53.Qxg7 Qe1+ 54.Kh2 d2 55.Qg4+ Ke7 56.b7 d1=Q
57.Qxd1 Qxd1 58.b8=Q Qd4 59.Qb7+ Kf6 60.Qf3 Kg5 61.Qg4+ Kf6 62.f3 Qe5 63.h4 Kf7
64.Kh3 Kf6 65.Qg8 Qf5+ 66.Kh2 h5 67.Qf8+ Kg6 68.Qxf5+ Kxf5 69.g3 fxg3+ 70.Kxg3 Ke5
71.Kg2 Kd4 72.Kf2 Kd3 73.Kg3 Ke3 74.Kg2 Kd4 75.Kh3 Kd3 76.Kh2 Kd4 77.Kg2 Ke5
78.Kf1 Kd4 79.Ke2 Ke5 80.Ke3 Kf5 81.f4  1-0

[Event "Yerevan ol (Men)"]
[Site "Yerevan"]
[Date "1996.??.??"]
[Round "1"]
[White "Elsness, Frode"]
[Black "Aderito, Pedro"]
[Result "1-0"]
[WhiteElo "2350"]
[BlackElo "2210"]

1.d4 Nf6 2.c4 e6 3.Nf3 b6 4.a3 Bb7 5.Nc3 Be7 6.d5 O-O 7.e4 exd5 8.cxd5 d6
9.Bd3 Nbd7 10.O-O Re8 11.Nd4 Bf8 12.Re1 a6 13.Bc2 g6 14.Bg5 h6 15.Bh4 Bg7
16.f4 Qc8 17.Rc1 Nf8 18.h3 Qb8 19.Qd2 Qa7 20.Kh1 N8h7 21.Bb3 Nd7 22.Ba2 Rac8
23.Nc6 Bxc6 24.dxc6 Nc5 25.b4 Ne6 26.f5 gxf5 27.exf5 Neg5 28.Nd5 Rcd8 29.f6 Nxf6
30.Bxg5 hxg5 31.Qxg5 Nxd5 32.Qxd5 Rxe1+ 33.Rxe1 Rf8 34.Re8  1-0

[Event "Yerevan"]
[Site "Yerevan"]
[Date "1996.??.??"]
[Round "2"]
[White "Lputian, Smbat G"]
[Black "Epishin, Vladimir"]
[Result "1/2-1/2"]
[WhiteElo "2580"]
[BlackElo "2645"]

1.d4 Nf6 2.c4 e6 3.Nf3 b6 4.a3 Bb7 5.Nc3 d5 6.Qc2 Be7 7.cxd5 exd5 8.Bd2 c5
9.e3 O-O 10.Be2 Nc6 11.O-O Rc8 12.Rfd1 cxd4 13.exd4 Ne4 14.Be1 Na5 15.Ne5 Bd6
16.Qa4 Bxe5 17.dxe5 Nc5 18.Qg4 Nab3 19.Rab1 d4 20.Bc4 Rc6 21.e6 Rxe6 22.Bxe6 Nxe6
23.f3 f5 24.Qg3 Rf6 25.Qe5 Rg6 26.Qxf5 Qg5 27.Qxg5 Nxg5 28.Kf2 dxc3 29.Rd8+ Kf7
30.Bxc3 Nc5 31.Rbd1 Ba6 32.h4 Nge6 33.Ra8 Bb5 34.Rxa7+ Ke8 35.Rd6 Nd3+ 36.Ke3 Nef4
37.Rxg6 hxg6 38.Rxg7 Nxg2+ 39.Kd4 Nxh4  1/2-1/2

[Event "Yerevan ol (Men)"]
[Site "Yerevan"]
[Date "1996.??.??"]
[Round "2"]
[White "Olsen, Heini"]
[Black "Righi, Egio"]
[Result "1/2-1/2"]
[WhiteElo "2315"]
[BlackElo "2120"]

1.d4 Nf6 2.c4 e6 3.Nf3 b6 4.a3 Ba6 5.Qc2 Bb7 6.Nc3 c5 7.e4 cxd4 8.Nxd4 Nc6
9.Nxc6 Bxc6 10.Bf4 Bc5 11.Rd1 a5 12.Be2 O-O 13.O-O Qe7 14.e5 Nh5 15.Bxh5 Qh4
16.Bg3 Qxh5 17.Ne4 Qg6 18.Rfe1 f6 19.exf6 d5 20.cxd5 exd5 21.Qb3 a4 22.Qa2 gxf6
23.Nxc5 bxc5 24.Bd6 Rf7 25.Bxc5 d4 26.f3 Bxf3 27.Rd2 Qg5 28.Bb4 Bd5 29.Qb1 Rg7
30.Qc2 f5 31.Rde2 h5 32.Be7 Qg6  1/2-1/2

[Event "Yerevan ol (Men)"]
[Site "Yerevan"]
[Date "1996.??.??"]
[Round "3"]
[White "Pelletier, Yannick"]
[Black "Rozentalis, Eduardas"]
[Result "0-1"]
[WhiteElo "2440"]
[BlackElo "2610"]

1.d4 Nf6 2.c4 e6 3.Nf3 b6 4.a3 d5 5.Nc3 Bb7 6.Qa4+ c6 7.cxd5 exd5 8.Bg5 Be7
9.e3 O-O 10.Bd3 Nbd7 11.Rd1 h6 12.Bf4 a5 13.O-O b5 14.Qc2 b4 15.axb4 axb4
16.Na4 Qa5 17.b3 c5 18.Nxc5 Nxc5 19.dxc5 Bxc5 20.Be5 Ne4 21.Ra1 Qb6 22.Rfc1 Rxa1
23.Bxa1 Ra8 24.Bxe4 dxe4 25.Ne5 Qe6 26.Qc4 Qxc4 27.Nxc4 Bd5 28.Bd4 f6 29.Bb2 Ra2
30.g3 Kf7 31.Bd4 Bxd4 32.exd4 Ke6 33.h4 g6 34.Kf1 f5 35.Ke1 g5 36.hxg5 hxg5
37.Ne3 Ra5 38.Nxd5 Kxd5 39.Rc4 Ra1+ 40.Ke2 Ra2+ 41.Kf1 g4 42.Rxb4 f4 43.Ra4 Rb2
44.gxf4 g3 45.fxg3 e3 46.f5 Ke4 47.f6 Kf3 48.Ra1 Rg2  0-1

[Event "Yerevan ol (Men)"]
[Site "Yerevan"]
[Date "1996.??.??"]
[Round "4"]
[White "Bacrot, Etienne"]
[Black "Kurajica, Bojan"]
[Result "1/2-1/2"]
[WhiteElo "2470"]
[BlackElo "2490"]

1.d4 Nf6 2.c4 e6 3.Nf3 b6 4.a3 d5 5.Nc3 Be7 6.cxd5 exd5 7.Bf4 O-O 8.e3 Bb7
9.Be2 c5 10.Ne5 Na6 11.Qa4 Nc7 12.Nc6 Bxc6 13.Qxc6 Ne6 14.Be5 cxd4 15.Bxd4 Rc8
16.Qb5 Nxd4 17.exd4 Ne4 18.Nxd5 Bc5 19.dxc5 Rxc5 20.Qb4 Qxd5 21.Rd1 Qe5 22.O-O Nf6
23.Rfe1 Qc7 24.Bf3 h6 25.g3 Rd8 26.Kg2 g5 27.Rd4 Kg7 28.h3 Rxd4 29.Qxd4 Rc4
30.Qe5 Qxe5 31.Rxe5 Kf8 32.Re3 Rc8 33.b4 Rc1 34.Bb7 Rc7 35.Ba8 Rc8 36.Bb7 Rc7
37.Ba8 Rc8 38.Bb7  1/2-1/2

[Event "Yerevan ol (Men)"]
[Site "Yerevan"]
[Date "1996.??.??"]
[Round "4"]
[White "Ardiansyah, Haji"]
[Black "Anastasian, Ashot"]
[Result "0-1"]
[WhiteElo "2430"]
[BlackElo "2550"]

1.d4 Nf6 2.c4 e6 3.Nf3 b6 4.a3 Bb7 5.Nc3 d5 6.cxd5 Nxd5 7.e3 Be7 8.Bd3 O-O
9.O-O Nxc3 10.bxc3 c5 11.Bb2 Nc6 12.c4 Bf6 13.Rb1 cxd4 14.exd4 Rc8 15.Re1 Na5
16.Qe2 Bxf3 17.gxf3 g6 18.Red1 Bg7 19.Kh1 Qh4 20.Bc3 Rfd8 21.Bxa5 bxa5 22.Rb5 Bxd4
23.Kg2 Bb6 24.Re5 Bc7 25.Qe4 Qe7 26.Rb5 Qxa3 27.Rb7 Qc5 28.Qh4 Rd4  0-1